|
|
|
|
| LEADER |
01297ppm a22003138a 4500 |
| 001 |
00033758 |
| 005 |
20171026081025.0 |
| 008 |
151125s2014 ||||||viesd |
| 041 |
0 |
# |
|a vie
|
| 082 |
1 |
4 |
|b NGH305C
|a 628.4
|
| 100 |
1 |
# |
|a Bùi, Minh Triết
|
| 245 |
0 |
0 |
|a Nghiên cứu nước thải thủy sản bằng pin nhiên liệu sinh học (MFC)
|b Luận văn thạc sĩ. Chuyên ngành: Công nghệ môi trường. Mã số: 608506
|c Bùi Minh Triết; Nguyễn Tấn Phong (hướng dẫn)
|
| 260 |
# |
# |
|a Thành phố Hồ Chí Minh
|b Đại học bách khoa Thành phố Hồ Chí Minh
|c 2014
|
| 300 |
# |
# |
|a 61 tr.
|c 30cm.
|
| 500 |
# |
# |
|a ĐTTS ghi: Đại học Quốc gia Thành phố Hồ Chí Minh. Trường Đại học Bách khoa
|
| 653 |
# |
# |
|a Công nghệ sinh học
|
| 653 |
# |
# |
|a Luận văn
|
| 653 |
# |
# |
|a Xử lý
|
| 653 |
# |
# |
|a Thủy sản
|
| 653 |
# |
# |
|a Pin nhiên liệu sinh học
|
| 653 |
# |
# |
|a Nước thải
|
| 700 |
1 |
# |
|a Nguyễn, Tấn Phong
|e Hướng dẫn
|
| 852 |
# |
# |
|j LV.0000624
|
| 852 |
# |
# |
|b Kho đọc SĐH
|j LV.0000624
|
| 910 |
|
|
|d 25/11/2015
|
| 980 |
# |
# |
|a Trung tâm Học liệu Lê Vũ Hùng, Trường Đại học Đồng Tháp
|